[Event "BL2 Ost 1819 (Women)"]
[Site "Germany"]
[Date "2018.11.17"]
[Round "3.4"]
[White "Kalies, Grit"]
[Black "Herbrig, Marie Helen"]
[Result "0-1"]
[WhiteElo "1991"]
[BlackElo "1840"]
[PlyCount "66"]
[EventDate "2018.10.27"]
[EventType "team-tourn"]
[EventRounds "7"]
[EventCountry "GER"]
[SourceTitle "CBM 190 Extra"]
[Source "ChessBase"]
[SourceDate "2019.07.15"]
[SourceVersion "1"]
[SourceVersionDate "2019.07.15"]
[SourceQuality "1"]
[WhiteTeam "Leipzig Blauweiss Allianz (W)"]
[BlackTeam "Leipzig Lindenau (W)"]
[WhiteTeamCountry "GER"]
[BlackTeamCountry "GER"]

1. e4 c5 2. Nf3 Nc6 3. d4 cxd4 4. Nxd4 Nf6 5. Nc3 d6 6. Be2 e5 7. Nb3 Be6 8. Bg5 Be7 9. 0-0 0-0 10. Qd2 Qd7 11. Rad1 Rfd8 12. f3 h6 13. Be3 d5 14. exd5 Nxd5 15. Nxd5 Bxd5 16. Qe1 Qc7 17. Qg3 Kh8 18. f4 Bf6 19. c3 b6 20. Nd2 Qe7 21. c4 exf4 22. Rxf4 Be6 23. Qf3 Rac8 24. b3 Nb4 25. Qe4 Nxa2 26. Bd3 g6 27. Nb1 Nb4 28. Rff1 Nxd3 29. Rxd3 Rxd3 30. Qxd3 Bf5 31. Qd2 Rd8 32. Qf2 Rd3 33. Bxh6 Bd4 0-1

[Event "BL 1718 (Women)"]
[Site "Germany"]
[Date "2017.12.17"]
[Round "5.4"]
[White "Kalies, Grit"]
[Black "Osmanodja, Filiz"]
[Result "0-1"]
[WhiteElo "2023"]
[BlackElo "2245"]
[PlyCount "80"]
[EventDate "2017.10.01"]
[EventType "team-tourn"]
[EventRounds "11"]
[EventCountry "GER"]
[SourceTitle "EXT 2019"]
[Source "ChessBase"]
[SourceDate "2018.10.10"]
[SourceVersion "1"]
[SourceVersionDate "2018.10.10"]
[SourceQuality "1"]
[WhiteTeam "Leipzig Allianz (W)"]
[BlackTeam "Hamburger SK (W)"]
[WhiteTeamCountry "GER"]
[BlackTeamCountry "GER"]

1. e4 c5 2. Nf3 Nc6 3. d4 cxd4 4. Nxd4 Nf6 5. f3 d5 6. Nxc6 bxc6 7. exd5 Nxd5 8. c4 Nb4 9. Qxd8+ Kxd8 10. Na3 e5 11. Be3 Kc7 12. Be2 c5 13. 0-0 a6 14. g4 Bb7 15. Bd1 Rd8 16. Ba4 Rd3 17. Kf2 Be7 18. Nc2 Nc6 19. Rad1 Rxd1 20. Rxd1 Nd4 21. f4 Bh4+ 22. Kf1 Bf3 23. Rd2 Bxg4 24. Nxd4 exd4 25. Bf2 Bxf2 26. Kxf2 Rb8 27. Kg3 Be6 28. Bb3 Rb4 29. Bd1 Rxc4 30. Be2 Rc1 31. a3 a5 32. Bf3 Bf5 33. b4 axb4 34. axb4 cxb4 35. Rxd4 b3 36. Rb4 Rc3 37. Rb7+ Kc8 38. Rb4 g6 39. h3 h5 40. Kf2 Rc7 0-1

[Event "BL 1415 (Women)"]
[Site "Germany"]
[Date "2015.03.29"]
[Round "9.2"]
[White "Bulmaga, Irina"]
[Black "Kalies, Grit"]
[Result "1-0"]
[WhiteElo "2365"]
[BlackElo "2063"]
[PlyCount "83"]
[EventDate "2014.09.27"]
[EventType "team-tourn"]
[EventRounds "11"]
[EventCountry "GER"]
[SourceTitle "CBM 166 Extra"]
[Source "ChessBase"]
[SourceDate "2015.06.18"]
[SourceVersion "1"]
[SourceVersionDate "2015.06.18"]
[SourceQuality "1"]
[WhiteTeam "Schwaebisch Hall (W)"]
[BlackTeam "Leipzig Allianz (W)"]
[WhiteTeamCountry "GER"]
[BlackTeamCountry "GER"]

1. e4 d6 2. d4 Nf6 3. Bd3 g6 4. Nf3 Bg7 5. 0-0 0-0 6. c3 c5 7. h3 Nc6 8. d5 Nb8 9. c4 Na6 10. Nc3 Ne8 11. Re1 Nb4 12. Bf1 e5 13. a3 Na6 14. Bd2 f5 15. exf5 Bxf5 16. Ng5 Nac7 17. Nge4 h6 18. Ng3 Bd7 19. Bd3 Qf6 20. Be3 a6 21. a4 Bf5 22. Nce4 Qh4 23. a5 Kh8 24. Rb1 Rd8 25. b4 cxb4 26. Rxb4 Bc8 27. Bb6 Rd7 28. Qc2 Rdf7 29. Rbb1 Qe7 30. Nc3 Bf5 31. Be3 Na8 32. Nce4 Nf6 33. Qd2 Nxe4 34. Nxe4 Kh7 35. c5 Bxe4 36. Bxe4 Qh4 37. Qd3 Qf6 38. Rec1 Rc8 39. cxd6 Rxc1+ 40. Rxc1 Qxd6 41. Bc5 Qd8 42. Bxg6+ 1-0

[Event "BL 1415 (Women)"]
[Site "Germany"]
[Date "2015.03.29"]
[Round "8.2"]
[White "Kalies, Grit"]
[Black "Koepke, Elena"]
[Result "1-0"]
[WhiteElo "2063"]
[BlackElo "2318"]
[PlyCount "105"]
[EventDate "2014.09.27"]
[EventType "team-tourn"]
[EventRounds "11"]
[EventCountry "GER"]
[SourceTitle "CBM 166 Extra"]
[Source "ChessBase"]
[SourceDate "2015.06.18"]
[SourceVersion "1"]
[SourceVersionDate "2015.06.18"]
[SourceQuality "1"]
[WhiteTeam "Leipzig Allianz (W)"]
[BlackTeam "Friedberg (W)"]
[WhiteTeamCountry "GER"]
[BlackTeamCountry "GER"]

1. e4 e5 2. Nf3 Nc6 3. Nc3 Nf6 4. d4 exd4 5. Nxd4 Bc5 6. Be3 Bb6 7. Nxc6 bxc6 8. Qd2 0-0 9. Bc4 Bxe3 10. fxe3 Qe7 11. Qd4 Ng4 12. 0-0 d6 13. Rf4 Ne5 14. Bb3 a5 15. Raf1 Be6 16. Ne2 c5 17. Qd2 Ng6 18. R4f3 c4 19. Ba4 Bg4 20. Rg3 Bxe2 21. Qxe2 Qxe4 22. Rg4 Qe5 23. Rxc4 c5 24. c3 Rac8 25. e4 Qe7 26. Bb3 Qa7 27. Kh1 Qa6 28. Qd1 Ne5 29. Ra4 c4 30. Bc2 Qb6 31. Qd2 Rc5 32. Rd1 Rd8 33. b3 Qc7 34. b4 Rb5 35. h3 Nc6 36. a3 Re5 37. Qe2 d5 38. Qf3 d4 39. cxd4 Rxd4 40. bxa5 Rxd1+ 41. Qxd1 Nxa5 42. Rb4 h6 43. Qd4 Kh7 44. a4 Qc5 45. Qc3 Qc7 46. Rb5 Rxb5 47. axb5 Qb6 48. e5+ Kg8 49. Qf3 Nb7 50. Qd5 Nd8 51. Qxc4 g6 52. Be4 Kg7 53. Qd5 1-0

[Event "BL 1415 (Women)"]
[Site "Germany"]
[Date "2014.12.14"]
[Round "5.3"]
[White "Kalies, Grit"]
[Black "Beltz, Martina"]
[Result "0-1"]
[WhiteElo "2063"]
[BlackElo "2080"]
[PlyCount "80"]
[EventDate "2014.09.27"]
[EventType "team-tourn"]
[EventRounds "11"]
[EventCountry "GER"]
[SourceTitle "CBM 166 Extra"]
[Source "ChessBase"]
[SourceDate "2015.06.18"]
[SourceVersion "1"]
[SourceVersionDate "2015.06.18"]
[SourceQuality "1"]
[WhiteTeam "Leipzig Allianz (W)"]
[BlackTeam "Leipzig SG (W)"]
[WhiteTeamCountry "GER"]
[BlackTeamCountry "GER"]

1. e4 c5 2. Nf3 d6 3. d4 cxd4 4. Nxd4 Nf6 5. Nc3 e6 6. Be3 a6 7. f3 b5 8. Qd2 Be7 9. Bd3 Bb7 10. 0-0-0 Nbd7 11. g4 Ne5 12. g5 Nfd7 13. f4 Nxd3+ 14. cxd3 b4 15. Nce2 d5 16. f5 Ne5 17. Kb1 dxe4 18. fxe6 0-0 19. Nf4 exd3 20. Rhg1 Be4 21. exf7+ Rxf7 22. Nde6 Qd7 23. Qf2 Rc8 24. Bd4 d2+ 25. Ka1 Nf3 26. g6 hxg6 27. Rxd2 Nxd2 28. Qxd2 g5 29. Nxg7 Rxg7 30. Nh5 Rg6 31. Qe3 Bf5 32. Qe5 Qe6 33. Qh8+ Kf7 34. Qh7+ Kf8 35. Qh8+ Rg8 36. Ng7 Qg6 37. Qh5 Qxh5 38. Nxh5 Bc5 39. Rf1 Bxd4 40. Rxf5+ Ke7 0-1

[Event "BL 1415 (Women)"]
[Site "Germany"]
[Date "2014.11.29"]
[Round "3.4"]
[White "Klek, Hanna Marie"]
[Black "Kalies, Grit"]
[Result "1-0"]
[WhiteElo "2225"]
[BlackElo "2063"]
[PlyCount "59"]
[EventDate "2014.09.27"]
[EventType "team-tourn"]
[EventRounds "11"]
[EventCountry "GER"]
[SourceTitle "CBM 166 Extra"]
[Source "ChessBase"]
[SourceDate "2015.06.18"]
[SourceVersion "1"]
[SourceVersionDate "2015.06.18"]
[SourceQuality "1"]
[WhiteTeam "Deizisau (W)"]
[BlackTeam "Leipzig Allianz (W)"]
[WhiteTeamCountry "GER"]
[BlackTeamCountry "GER"]

1. e4 d6 2. d4 Nf6 3. Nc3 g6 4. Nge2 Bg7 5. h3 Nbd7 6. g3 e5 7. Bg2 Rb8 8. a4 a5 9. 0-0 0-0 10. Bg5 h6 11. Be3 Nb6 12. b3 Nbd7 13. Qd2 Kh7 14. Rad1 b6 15. g4 Ng8 16. f4 Bb7 17. dxe5 Nc5 18. exd6 cxd6 19. Qxd6 Qe7 20. Qxe7 Nxe7 21. e5 Ba6 22. Rfe1 f6 23. Bxc5 bxc5 24. Rd7 Rfe8 25. exf6 Bxf6 26. g5 Bg7 27. Ne4 hxg5 28. fxg5 Ng8 29. Nf6+ Nxf6 30. gxf6 1-0

[Event "BL 1314 (Women)"]
[Site "Germany"]
[Date "2013.12.01"]
[Round "4.6"]
[White "Kalies, Grit"]
[Black "Lehmann, Christina"]
[Result "1/2-1/2"]
[WhiteElo "2049"]
[BlackElo "2085"]
[PlyCount "44"]
[EventDate "2013.10.04"]
[EventType "team-tourn"]
[EventRounds "11"]
[EventCountry "GER"]
[SourceTitle "EXT 2018"]
[Source "ChessBase"]
[SourceDate "2017.10.13"]
[SourceVersion "1"]
[SourceVersionDate "2017.10.13"]
[SourceQuality "1"]
[WhiteTeam "Leipzig WBA (W)"]
[BlackTeam "Grosslehna (W)"]
[WhiteTeamCountry "GER"]
[BlackTeamCountry "GER"]

1. e4 c5 2. Nf3 d6 3. d4 cxd4 4. Nxd4 Nf6 5. f3 a6 6. c4 g6 7. Nc3 Bg7 8. Be3 0-0 9. Be2 Nc6 10. Qd2 Nxd4 11. Bxd4 Be6 12. 0-0 Rc8 13. b3 Nd7 14. Bxg7 Kxg7 15. f4 Nf6 16. f5 Bd7 17. Rf3 Bc6 18. Qd4 Qa5 19. Nd5 Bxd5 20. exd5 Qc5 21. Rd1 Qxd4+ 22. Rxd4 Nd7 1/2-1/2

[Event "BL2 Ost 1112 (Women)"]
[Site "Germany"]
[Date "2011.12.18"]
[Round "5.6"]
[White "Ohme, Kerstin"]
[Black "Kalies, Grit"]
[Result "0-1"]
[WhiteElo "1758"]
[BlackElo "2032"]
[PlyCount "136"]
[EventDate "2011.10.29"]
[EventType "team-tourn"]
[EventRounds "7"]
[EventCountry "GER"]
[SourceTitle "EXT 2013"]
[Source "ChessBase"]
[SourceDate "2012.11.22"]
[SourceVersion "1"]
[SourceVersionDate "2012.11.22"]
[SourceQuality "1"]
[WhiteTeam "Leipzig SG (W)"]
[BlackTeam "Leipzig WBA (W)"]
[WhiteTeamCountry "GER"]
[BlackTeamCountry "GER"]

1. e4 c5 2. Nf3 Nc6 3. d4 g6 4. d5 Nb8 5. c3 d6 6. Bb5+ Bd7 7. Be2 Bg7 8. 0-0 b5 9. Qc2 Nf6 10. b3 0-0 11. Nbd2 Qa5 12. Bb2 Na6 13. a3 Rfc8 14. c4 Rab8 15. Rfe1 Qb6 16. Bc3 bxc4 17. Bxc4 Nc7 18. Rab1 Nb5 19. Bxb5 Bxb5 20. Nc4 Qa6 21. Qa2 Bxc4 22. bxc4 Rxb1 23. Rxb1 Nxe4 24. Bxg7 Kxg7 25. Qb2+ Nf6 26. Qb7 Qxb7 27. Rxb7 Kf8 28. Rxa7 Rb8 29. Kf1 Rb2 30. Ra8+ Kg7 31. Ra7 Rc2 32. Rxe7 h6 33. Re2 Rxc4 34. Ra2 Nxd5 35. a4 Rc1+ 36. Ne1 Nb4 37. Rd2 d5 38. Ke2 Ra1 39. Nd3 Nxd3 40. Kxd3 Rxa4 41. Rc2 Ra5 42. Rb2 Kf6 43. Rb6+ Kf5 44. Rb7 f6 45. Re7 Ra3+ 46. Ke2 Ra2+ 47. Kf3 Ra3+ 48. Ke2 d4 49. Rc7 Rc3 50. Kd2 h5 51. Rc8 c4 52. Rc5+ Ke6 53. Rc6+ Ke5 54. Rc5+ Kd6 55. Rc8 g5 56. Rd8+ Ke5 57. Re8+ Kf4 58. Rc8 f5 59. Rd8 Rd3+ 60. Ke2 h4 61. h3 g4 62. hxg4 fxg4 63. Rf8+ Ke5 64. Rc8 Kd5 65. Rd8+ Ke5 66. f3 gxf3+ 67. gxf3 Re3+ 68. Kf2 c3 0-1

[Event "BL2 Mitte 1011 (Women)"]
[Site "Germany"]
[Date "2010.12.04"]
[Round "3.6"]
[White "Hartewig, Anja"]
[Black "Kalies, Grit"]
[Result "0-1"]
[WhiteElo "1404"]
[BlackElo "2043"]
[PlyCount "64"]
[EventDate "2010.11.06"]
[EventType "team-tourn"]
[EventRounds "7"]
[EventCountry "GER"]
[SourceTitle "EXT 2012"]
[Source "ChessBase"]
[SourceDate "2011.11.24"]
[SourceVersion "1"]
[SourceVersionDate "2011.11.24"]
[SourceQuality "1"]
[WhiteTeam "Chemnitz (W)"]
[BlackTeam "Leipzig Allianz (W)"]
[WhiteTeamCountry "GER"]
[BlackTeamCountry "GER"]

1. d4 Nf6 2. c4 d6 3. Nc3 g6 4. e4 Bg7 5. h3 Na6 6. Nf3 c5 7. d5 0-0 8. Be3 Qa5 9. Qd2 Re8 10. Bd3 Nb4 11. Be2 Nd7 12. 0-0 Qd8 13. Bh6 Bh8 14. Ng5 Nf6 15. f4 Nd7 16. Bg4 Bd4+ 17. Rf2 Nf6 18. Bxc8 Rxc8 19. a3 Na6 20. Re1 Nc7 21. e5 Nh5 22. g4 Ng7 23. Kf1 Bxf2 24. Qxf2 f6 25. Nce4 fxg5 26. Nxg5 Rf8 27. Qh4 Rxf4+ 28. Kg1 Qf8 29. Nxh7 Nf5 30. Qg5 Qxh6 31. gxf5 Qxg5+ 32. Nxg5 Rxf5 0-1

[Event "BL2 Mitte 1011 (Women)"]
[Site "Germany"]
[Date "2010.11.07"]
[Round "2.6"]
[White "Kalies, Grit"]
[Black "Grohmann, Katrin"]
[Result "1-0"]
[WhiteElo "2043"]
[BlackElo "1874"]
[PlyCount "75"]
[EventDate "2010.11.06"]
[EventType "team-tourn"]
[EventRounds "7"]
[EventCountry "GER"]
[SourceTitle "EXT 2012"]
[Source "ChessBase"]
[SourceDate "2011.11.24"]
[SourceVersion "1"]
[SourceVersionDate "2011.11.24"]
[SourceQuality "1"]
[WhiteTeam "Leipzig Allianz (W)"]
[BlackTeam "Erfurt Medizin (W)"]
[WhiteTeamCountry "GER"]
[BlackTeamCountry "GER"]

1. e4 c5 2. Nf3 d6 3. d4 cxd4 4. Nxd4 Nf6 5. f3 a6 6. c4 g6 7. Nc3 Bg7 8. Be3 0-0 9. Qd2 Nc6 10. Nb3 Qc7 11. Rc1 Ne5 12. Na4 Nfd7 13. Be2 Qc6 14. Qa5 Nf6 15. Nd4 Qe8 16. 0-0 Nc6 17. Nxc6 bxc6 18. Rfd1 Be6 19. b3 Nd7 20. c5 d5 21. Nb6 Qd8 22. Qa4 Nxb6 23. cxb6 Bd7 24. b7 Rb8 25. Qxa6 d4 26. Bxd4 Bxd4+ 27. Rxd4 Qc7 28. Rcd1 Rfd8 29. Rb4 c5 30. Rb6 Qf4 31. Rd3 f5 32. Qc4+ e6 33. exf5 Qe5 34. fxe6 Qxe2 35. exd7+ Kg7 36. Qe4 Qxa2 37. Qe5+ Kg8 38. Qxb8 1-0

[Event "GER-chT Universities"]
[Site "Augsburg"]
[Date "2010.10.07"]
[Round "3.4"]
[White "Maciejczak, Jakub"]
[Black "Kalies, Grit"]
[Result "1-0"]
[WhiteElo "2327"]
[BlackElo "1935"]
[PlyCount "58"]
[EventDate "2010.10.06"]
[EventType "team-swiss"]
[EventRounds "6"]
[EventCountry "GER"]
[SourceTitle "EXT 2016"]
[Source "ChessBase"]
[SourceDate "2015.10.08"]
[SourceVersion "1"]
[SourceVersionDate "2015.10.08"]
[SourceQuality "1"]
[WhiteTeam "Poznan FH"]
[BlackTeam "Leipzig Uni"]
[WhiteTeamCountry "POL"]
[BlackTeamCountry "GER"]

1. e4 d6 2. d4 Nf6 3. Nc3 g6 4. f3 Bg7 5. Be3 Nbd7 6. Qd2 e5 7. Nge2 c6 8. g4 Qa5 9. Nc1 exd4 10. Bxd4 Ne5 11. Be2 Be6 12. Nb3 Qc7 13. g5 Nh5 14. f4 c5 15. Nb5 Qb6 16. Bc3 Ng4 17. Bxg7 Nxg7 18. h3 a6 19. Nc3 Nf2 20. Kxf2 0-0-0 21. Kg2 Rhe8 22. Rad1 c4 23. Qd4 Qc7 24. Qxg7 cxb3 25. axb3 Kb8 26. Qd4 Qa5 27. b4 Qc7 28. b5 a5 29. b6 Qc6 1-0

[Event "BL 0809 (Women)"]
[Site "Germany"]
[Date "2008.12.07"]
[Round "4.4"]
[White "Straub, Natalia"]
[Black "Kalies, Grit"]
[Result "1-0"]
[WhiteElo "2271"]
[BlackElo "2016"]
[PlyCount "101"]
[EventDate "2008.11.08"]
[EventType "team-tourn"]
[EventRounds "11"]
[EventCountry "GER"]
[SourceTitle "EXT 2010"]
[Source "ChessBase"]
[SourceDate "2010.11.25"]
[SourceVersion "1"]
[SourceVersionDate "2010.11.25"]
[SourceQuality "1"]
[WhiteTeam "Halle Volksbank (W)"]
[BlackTeam "Leipzig Allianz (W)"]
[WhiteTeamCountry "GER"]
[BlackTeamCountry "GER"]

1. d4 Nf6 2. c4 c5 3. d5 b5 4. cxb5 a6 5. bxa6 Bxa6 6. Nc3 d6 7. Nf3 g6 8. g3 Bg7 9. Bg2 Nbd7 10. Rb1 Qa5 11. Bd2 Nb6 12. b3 0-0 13. 0-0 Ng4 14. Qc2 Nd7 15. Rfd1 Rfb8 16. h3 Ngf6 17. a4 Qc7 18. e4 Ra7 19. Bf1 Qc8 20. Bxa6 Qxa6 21. Nb5 Rab7 22. Bc3 Ne8 23. Bxg7 Kxg7 24. b4 cxb4 25. Rxb4 Nc5 26. Nfd4 Ra8 27. Ra1 Qb6 28. Nc6 Na6 29. Rbb1 Qc5 30. Qxc5 Nxc5 31. Nc3 Rxb1+ 32. Rxb1 Kf8 33. a5 Nc7 34. Rb8+ Rxb8 35. Nxb8 Ke8 36. f3 e6 37. Kf2 Kd8 38. Ke3 Kc8 39. Nc6 Kd7 40. Nb8+ Kc8 41. Nc6 Kd7 42. Nb4 h6 43. Nd1 Nb5 44. Nb2 Kc7 45. Nc4 Na7 46. e5 Nb5 47. a6 exd5 48. Nxd5+ Kc6 49. Nb4+ Kd7 50. Nxd6 Nc7 51. Nxf7 1-0

[Event "BL 0708 (Women)"]
[Site "Germany"]
[Date "2008.04.12"]
[Round "10.6"]
[White "Kalies, Grit"]
[Black "Schmidt, Jade"]
[Result "0-1"]
[WhiteElo "2041"]
[BlackElo "1975"]
[PlyCount "70"]
[EventDate "2007.11.10"]
[EventType "team-tourn"]
[EventRounds "11"]
[EventCountry "GER"]
[SourceTitle "EXT 2009"]
[Source "ChessBase"]
[SourceDate "2008.11.26"]
[SourceVersion "1"]
[SourceVersionDate "2008.11.26"]
[SourceQuality "1"]
[WhiteTeam "Leipzig WBA (W)"]
[BlackTeam "Hamburger SK (W)"]
[WhiteTeamCountry "GER"]
[BlackTeamCountry "GER"]

1. e4 c5 2. Nf3 d6 3. d4 cxd4 4. Nxd4 Nf6 5. f3 e5 6. Nb3 Be6 7. Bg5 Be7 8. Nc3 h6 9. Bh4 Nc6 10. Be2 Nxe4 11. Bxe7 Nxc3 12. Bxd8 Nxd1 13. Bc7 Ne3 14. Kf2 Nxc2 15. Rad1 Bxb3 16. axb3 N2d4 17. Bxd6 0-0-0 18. Bc5 Nxe2 19. Kxe2 b6 20. Be3 Rxd1 21. Rxd1 Rd8 22. Rc1 Kb7 23. Rc3 Rd5 24. h4 Kc7 25. g4 Kd7 26. Rc4 Rb5 27. Rc3 Na5 28. f4 Rxb3 29. fxe5 Rxc3 30. bxc3 Nc4 31. Bf4 Ke6 32. g5 hxg5 33. hxg5 Nxe5 34. Ke3 Kd5 35. Kd2 Ke4 0-1

[Event "BL 0708 (Women)"]
[Site "Germany"]
[Date "2007.11.11"]
[Round "2.6"]
[White "Kalies, Grit"]
[Black "Skogvall, Martina"]
[Result "0-1"]
[WhiteElo "2041"]
[BlackElo "2083"]
[PlyCount "68"]
[EventDate "2007.11.10"]
[EventType "team-tourn"]
[EventRounds "11"]
[EventCountry "GER"]
[SourceTitle "EXT 2009"]
[Source "ChessBase"]
[SourceDate "2008.11.26"]
[SourceVersion "1"]
[SourceVersionDate "2008.11.26"]
[SourceQuality "1"]
[WhiteTeam "Leipzig WBA (W)"]
[BlackTeam "Grosslehna (W)"]
[WhiteTeamCountry "GER"]
[BlackTeamCountry "GER"]

1. e4 e6 2. d4 d5 3. exd5 exd5 4. Bd3 c5 5. c3 c4 6. Bc2 Bd6 7. Ne2 Bg4 8. f3 Bh5 9. Bf4 Ne7 10. Nd2 0-0 11. Nf1 Re8 12. Qd2 b5 13. g4 Bg6 14. 0-0-0 Nbc6 15. h4 b4 16. Bxg6 Nxg6 17. Bxd6 bxc3 18. Nxc3 Qxd6 19. Ne3 Nf4 20. Nf5 Qb8 21. Rh2 a5 22. h5 a4 23. a3 Ra6 24. Kb1 Ne7 25. Rg1 Re6 26. Ne3 Nd3 27. Ned1 Nc6 28. g5 Nxd4 29. Rh3 Ne2 30. Nxe2 Rxe2 31. Qc3 Qb6 32. h6 d4 33. Qxc4 Rxb2+ 34. Ka1 Rb1+ 0-1

[Event "BL 0506 (Women)"]
[Site "Germany"]
[Date "2006.04.08"]
[Round "10.5"]
[White "Kalies, Grit"]
[Black "Stejskal, Janina Maria"]
[Result "1-0"]
[WhiteElo "1955"]
[BlackElo "1909"]
[PlyCount "49"]
[EventDate "2005.10.29"]
[EventType "team-tourn"]
[EventRounds "11"]
[EventCountry "GER"]
[SourceTitle "EXT 2007"]
[Source "ChessBase"]
[SourceDate "2006.11.23"]
[SourceVersion "1"]
[SourceVersionDate "2006.11.23"]
[SourceQuality "1"]
[WhiteTeam "Leipzig WBA (W)"]
[BlackTeam "Hamburg (W)"]
[WhiteTeamCountry "GER"]
[BlackTeamCountry "GER"]

1. e4 e5 2. d4 exd4 3. Qxd4 Nc6 4. Qe3 d6 5. Bd2 Nf6 6. Nc3 Be7 7. 0-0-0 Ng4 8. Qe1 0-0 9. h3 Nf6 10. f4 a6 11. Nf3 b5 12. g4 b4 13. Nd5 a5 14. g5 Nxd5 15. exd5 Nb8 16. Bd3 f5 17. Nd4 Kh8 18. Qe3 Re8 19. Rde1 Bd7 20. Ne6 Bxe6 21. Qxe6 Nd7 22. Qxf5 g6 23. Qf7 Rb8 24. Be3 Rf8 25. Qe6 1-0

[Event "BL 0506 (Women)"]
[Site "Germany"]
[Date "2005.11.20"]
[Round "4"]
[White "Kalies, Grit"]
[Black "Tammert, Iamze"]
[Result "1/2-1/2"]
[WhiteElo "2013"]
[BlackElo "2270"]
[PlyCount "91"]
[EventDate "2005.10.29"]
[EventType "team-tourn"]
[EventRounds "11"]
[EventCountry "GER"]
[SourceTitle "CBM 109 Extra"]
[Source "ChessBase"]
[SourceDate "2006.01.03"]
[SourceVersion "2"]
[SourceVersionDate "2006.01.03"]
[SourceQuality "1"]

1. e4 g6 2. d4 Bg7 3. Nc3 c6 4. Be3 d5 5. f3 dxe4 6. fxe4 e5 7. Nf3 exd4 8. Bxd4 Bxd4 9. Qxd4 Qxd4 10. Nxd4 Nd7 11. Be2 Nh6 12. 0-0 Ne5 13. h3 0-0 14. Rf6 Rd8 15. Rd1 Kg7 16. Rf2 Ng8 17. Nf5+ Bxf5 18. exf5 Rxd1+ 19. Bxd1 Rd8 20. fxg6 hxg6 21. Bf3 Nf6 22. b3 b5 23. a3 a5 24. g4 Nxf3+ 25. Rxf3 Rd4 26. Re3 b4 27. axb4 axb4 28. g5 Nh5 29. Ne4 Nf4 30. Kf2 Nd5 31. Re2 Nf4 32. Re3 Rd1 33. Kg3 Ne6 34. h4 Rc1 35. c3 bxc3 36. Rxc3 Rxc3+ 37. Nxc3 Nd4 38. b4 Kf8 39. Kf4 Ke7 40. Kg4 Ke6 41. h5 gxh5+ 42. Kxh5 Kf5 43. Kh6 Ne6 44. b5 cxb5 45. Nxb5 Nxg5 46. Nd6+ 1/2-1/2

[Event "BL 0405 (Women)"]
[Site "Germany"]
[Date "2005.02.19"]
[Round "6.4"]
[White "Kiefhaber, Veronika"]
[Black "Kalies, Grit"]
[Result "1-0"]
[WhiteElo "2251"]
[BlackElo "2009"]
[PlyCount "59"]
[EventDate "2004.11.06"]
[EventType "team-tourn"]
[EventRounds "11"]
[EventCountry "GER"]
[SourceTitle "EXT 2006"]
[Source "ChessBase"]
[SourceDate "2005.11.24"]
[SourceVersion "1"]
[SourceVersionDate "2005.11.24"]
[SourceQuality "1"]
[WhiteTeam "Karlsruhe (W)"]
[BlackTeam "Leipzig WBA (W)"]
[WhiteTeamCountry "GER"]
[BlackTeamCountry "GER"]

1. e4 e5 2. Nf3 Nf6 3. Nc3 Nc6 4. d4 exd4 5. Nxd4 Bb4 6. Nxc6 bxc6 7. Bd3 d5 8. exd5 cxd5 9. 0-0 0-0 10. Bg5 Bb7 11. Nb5 c6 12. Nd4 c5 13. c3 Bxc3 14. bxc3 cxd4 15. cxd4 Qd6 16. Rb1 Ba6 17. Bxf6 Qxf6 18. Re1 Rab8 19. Rxb8 Rxb8 20. Qa4 g6 21. Bxa6 Kg7 22. Bf1 Rb2 23. Re2 Rb1 24. Qe8 Qa6 25. Qe5+ Kg8 26. Re1 Rxe1 27. Qxe1 Qxa2 28. g3 Qb2 29. Qe8+ Kg7 30. Qe5+ 1-0

[Event "BL 0405 (Women)"]
[Site "Germany"]
[Date "2004.12.03"]
[Round "5.5"]
[White "Bahn, Doreen"]
[Black "Kalies, Grit"]
[Result "0-1"]
[WhiteElo "1878"]
[BlackElo "2009"]
[PlyCount "114"]
[EventDate "2004.11.06"]
[EventType "team-tourn"]
[EventRounds "11"]
[EventCountry "GER"]
[SourceTitle "EXT 2006"]
[Source "ChessBase"]
[SourceDate "2005.11.24"]
[SourceVersion "1"]
[SourceVersionDate "2005.11.24"]
[SourceQuality "1"]
[WhiteTeam "Halle (W)"]
[BlackTeam "Leipzig WBA (W)"]
[WhiteTeamCountry "GER"]
[BlackTeamCountry "GER"]

1. d4 Nf6 2. Nc3 g6 3. e4 d6 4. f4 Bg7 5. e5 dxe5 6. fxe5 Nd5 7. Ne4 c6 8. c3 Bf5 9. Ng3 Be6 10. Nf3 h6 11. Bd3 Nd7 12. 0-0 Qb6 13. Kh1 c5 14. a3 cxd4 15. cxd4 0-0-0 16. Qa4 Nb8 17. Bd2 Nc6 18. Rfc1 Kb8 19. Ne2 Nc7 20. Bc4 Bg4 21. Bc3 f6 22. exf6 Bxf6 23. d5 Bxf3 24. dxc6 Bxc6 25. Qc2 Bxg2+ 26. Kxg2 Qc6+ 27. Kg1 Qxc4 28. Rab1 Bxc3 29. Nxc3 Ne6 30. Rf1 Rd5 31. Kh1 Rg5 32. Qe4 Qxe4+ 33. Nxe4 Rf5 34. Rfe1 Nd4 35. Ng3 Rf7 36. Rbd1 Nc6 37. Ne4 e5 38. Nd6 Rd7 39. Ne4 Rhd8 40. Rc1 g5 41. Rc2 Rd1 42. Rc1 Rxe1+ 43. Rxe1 Kc7 44. Kg2 Rd3 45. Kf2 Rh3 46. Kg2 Rb3 47. Re2 Nd4 48. Rd2 Re3 49. Nc3 Kd6 50. Nb5+ Kc5 51. Nxa7 e4 52. Kf1 Rb3 53. Rf2 e3 54. Rf8 e2+ 55. Kf2 Rxb2 56. Re8 Rb1 57. Nc8 Rf1+ 0-1